000
00216 a2200097 4500
020
_a
1886749221
041
_a
eng
100
_a
Sheila sweeny
245
_a
Wacky basketball facts to bounce around
942
_c
Libros/Book
999
_c
30400
_d
30398